01331nam a2200349 a 4500001001000000003000400010005001700014007000300031008004100034020001800075040003600093082002900129100004800158245008500206264005000291300002800341336002700369337003300396338002800429500003400457500007000491590002600561600003300587650002500620650002600645651006000671651004900731910004100780942001200821952013100833999001700964000014790OSt20251209072527.0ta100122s2009 dr 001 0 spa d a9789945871203 aDO-SdBPMbspacBPMSU erdadrda 4a320.7293bM425j 20092221 aMateo, Andrés L.,d1946-4aut.eautor 9310aJuan Bosch :bmoralista problemático y otros artículos /cAndrés L. Mateo. aSanto Domingo :bEdiciones Florilegio,c2009. a194 páginas ;c22 cm. atextobtxt2rdacontent asin mediaciónbn2rdamedia avolumenbnc2rdacarrier aIncluye índice onomástico aIncluye datos biográficos del autor en la solapa de la cubierta aInventariado, 2025/VM17a Bosch, Juan, d1909-20019117aPolítica y cultura 7aArtículos de prensa 7aRepública DominicanaxPolítica y gobiernoxHistoria 7aRepública DominicanaxCondiciones sociales aVMateo V. Control de calidad. BPMSU  2ddccBK 00102ddc708CDaBPMETbBPMETd2025-12-09eCompral0oBPMSU CD 320.7293 M425j 2009pBPMSU25120045r2025-12-09w2025-12-09yBK c15568d15568